Συγκριτική παρουσίαση μεθόδων διαχείρισης αστικών στερεών αποβλήτων : μελέτη
Saved in:
| Main Author: | |
|---|---|
| Other Authors: | , |
| Format: | Book |
| Language: | Greek |
| Published: |
Μυτιλήνη :
Πανεπιστήμιο Αιγαίου, Τμήμα Περιβάλλοντος,
1991.
|
| Subjects: | |
| Tags: |
Add Tag
No Tags, Be the first to tag this record!
|
MARC
| LEADER | 00000cam a2200000 i 4500 | ||
|---|---|---|---|
| 001 | 1/102710 | ||
| 008 | 950509s1991 gr | ||| |||| ||gre|| | ||
| 035 | |l 10012612 | ||
| 040 | |a GR-MY-UA |b gre |e aacr | ||
| 041 | 0 | |a gre | |
| 082 | 7 | |a 628.44 |2 (22) | |
| 100 | 1 | |a Λέκκας, Θεμιστοκλής Δ. | |
| 245 | 1 | 0 | |a Συγκριτική παρουσίαση μεθόδων διαχείρισης αστικών στερεών αποβλήτων : |b μελέτη / |c Ομάδα μελέτης: Θεμιστοκλής Λέκκας, Γεώργιος Γιαννόπουλος, Ιωάννης Ράζης. |
| 260 | |a Μυτιλήνη : |b Πανεπιστήμιο Αιγαίου, Τμήμα Περιβάλλοντος, |c 1991. | ||
| 300 | |a 67 σ. : |b σχήμ. ; |c 24 εκ. | ||
| 650 | 0 | 0 | |a Refuse and refuse disposal. |
| 700 | 1 | |a Γιαννόπουλος, Γεώργιος. | |
| 700 | 1 | |a Ράζης, Ιωάννης. | |
| 852 | |a INST |b LESVOS |e 19950509 |h 628.44 ΛΕΚ |p 005100001180 |q 005100001180 |t BK |y 0 | ||
| 909 | |a Λ |b 023276 | ||
| 922 | |a 1ΕΛΗ |b 199206 | ||
| 970 | |z 1995/05 | ||